000
00327 a2200157 4500
001
70716
020
_a
040
_c
Anchieta - Itaigara
100
_a
Empresa Baiana de Jornalismo S.A.
240
1
0
_a
Conde dos Arcos
_l
por
245
1
0
_a
Conde dos Arcos
300
_a
63
362
0
_a
2004
650
4
_a
Bahia
942
_c
BK
999
_c
70716
_d
70716